Statistics for U.S. State Capitals

Click here to take the quiz!

General Stats

  • This quiz has been taken 8 times
  • The average score is 43 of 50

Answers on the Map

Answers color-coded by a green-red scale on the quiz's map according to % correct below.
 

Answer Stats

Capital% Correct
Albany
100%
Atlanta
100%
Austin
100%
Boise
100%
Boston
100%
Denver
100%
Honolulu
100%
Indianapolis
100%
Juneau
100%
Lansing
100%
Little Rock
100%
Nashville
100%
Oklahoma City
100%
Phoenix
100%
Sacramento
100%
Salem
100%
Salt Lake City
100%
Springfield
100%
Tallahassee
100%
Augusta
88%
Carson City
88%
Columbus
88%
Des Moines
88%
Dover
88%
Frankfort
88%
Jackson
88%
Lincoln
88%
Madison
88%
Montgomery
88%
Montpelier
88%
Raleigh
88%
St. Paul
88%
Baton Rouge
75%
Cheyenne
75%
Concord
75%
Harrisburg
75%
Hartford
75%
Helena
75%
Jefferson City
75%
Olympia
75%
Pierre
75%
Providence
75%
Richmond
75%
Santa Fe
75%
Topeka
75%
Trenton
75%
Annapolis
63%
Bismarck
63%
Charleston
63%
Columbia
63%

Score Distribution

Percentile by Number Answered

Percent of People with Each Score

Your Score History

You have not taken this quiz